A mulher de trinta anos / (Record no. 43)

MARC details
000 -LÍDER
campo de controle de tamanho fixo 02112nam a2200349 4500
001 - NÚMERO DE CONTROLE
campo de controle 43
003 - IDENTIFICADOR DO NÚMERO DE CONTROLE
campo de controle OSt
005 - DATA E HORÁRIO DA ÚLTIMA TRANSAÇÃO
campo de controle 20250528074010.0
008 - CAMPO DE DADOS FIXOS--INFORMAÇÃO GERAL
campo de controle de tamanho fixo 250122b |||||||e |||| 00| 1 eng d
040 ## - FONTE DA CATALOGAÇÃO
Idioma da catalogação por
041 ## - CÓDIGO DE IDIOMA
Código do idioma do original e/ou traduções intermediárias do texto fre
Código do idioma do texto/trilha sonora ou título diferente por
082 ## - CDD - CLASSIFICAÇÃO DECIMAL DE DEWEY
Número de Classificação 843
Número do exemplar B198m
100 1# - ENTRADA PRINCIPAL--NOME PESSOAL
Nome pessoal Balzac, Honoré de,
Datas associadas ao nome 1799-1850
9 (RLIN) 121
240 ## - TÍTULO UNIFORME
Título uniforme La Femme de trente ans
245 ## - TÍTULO
Título A mulher de trinta anos /
Indicação de responsabilidade, etc. Balzac, Honoré de ; Tradução de Casimiro Fernandes e Wilson Lousada ; Apresentação de Paulo Rónai
260 ## - PUBLICAÇÃO, DISTRIBUIÇÃO, ETC.
Local de publicação, distribuição, etc. São Paulo
Nome do editor, distribuidor, etc. Abril
Data da publicação, distribuição, etc. 1985
300 ## - DESCRIÇÃO FÍSICA
Extensão 203 p.
490 1# - TÍTULO DA SÉRIE
Título da série Grandes Romancistas
520 ## - NOTA DE RESUMO, ETC.
Resumo, etc. Antes de Emma Bovary, antes de Anna Kariênina, existiu Julie. Contrariando os conselhos do pai, ela julga-se apaixonada e decide se casar ainda muito jovem com um coronel do exército napoleônico. Em pouquíssimo tempo, descobre-se infeliz no casamento e na maternidade, presa a obrigações que não pretende abandonar. A isso se seguem as paixões por outros homens, e anuncia-se o destino trágico da protagonista. Mas A mulher de trinta anos não é a história particular de Julie, e sim a de alguém em quem convergem as contradições do que representava ser mulher no século XIX e, por extensão, as contradições da própria sociedade moderna. Com sua reputação de grande conhecedor do coração feminino, Balzac, que deveu sua formação às diversas mulheres mais velhas com quem se relacionou, aponta neste livro para a profundidade da alma que só pode vir da experiência. Esta edição do mais famoso texto de Cenas da vida privada, subdivisão de A comédia humana, traz uma introdução da escritora, ensaísta e crítica literária Eliane Robert Moraes.
650 #0 - ASSUNTO--TERMO TÓPICO
Cabeçalho tópico ou nome geográfico Literatura francesa
9 (RLIN) 122
650 #0 - ASSUNTO--TERMO TÓPICO
Cabeçalho tópico ou nome geográfico Amor e Paixão
9 (RLIN) 25
650 #0 - ASSUNTO--TERMO TÓPICO
Cabeçalho tópico ou nome geográfico Clássicos
9 (RLIN) 77
650 #0 - ASSUNTO--TERMO TÓPICO
Cabeçalho tópico ou nome geográfico Histórico
9 (RLIN) 53
650 #0 - ASSUNTO--TERMO TÓPICO
Cabeçalho tópico ou nome geográfico Emponderamento
9 (RLIN) 32
655 #0 - TERMO DE ÍNDICE--GÊNERO E FORMA
Gênero/forma/ou termo foco Romance
655 #0 - TERMO DE ÍNDICE--GÊNERO E FORMA
Gênero/forma/ou termo foco Ficção
700 ## - ENTRADA ADICIONADA - NOME PESSOAL
Nome pessoal Casimiro Fernandes
Função do autor por extenso Tradutor
9 (RLIN) 123
700 ## - ENTRADA ADICIONADA - NOME PESSOAL
Nome pessoal Wilson Lousada
Função do autor por extenso Tradutor
9 (RLIN) 124
700 ## - ENTRADA ADICIONADA - NOME PESSOAL
Nome pessoal Paulo Rónai
Função do autor por extenso Apresentação
9 (RLIN) 125
830 ## - ENTRADA SECUNDÁRIA DE SÉRIE--TÍTULO UNIFORME
Título uniforme Grandes Romancistas
9 (RLIN) 126
942 ## - ELEMENTOS DE ENTRADA ADICIONADOS (KOHA)
Fonte de classificação ou esquema de arquivamento Classificação decimal de Dewey
Ocultar no OPAC Não
Tipo de material Koha Livros
Holdings
Situação do descarte Situação das perdas Fonte de classificação ou esquema de arquivamento Status danificado Não pode ser emprestado Coleção Biblioteca de origem Biblioteca atual Localização na estante Data de aquisição Fonte de aquisição Total de empréstimos Número de chamada completo Código de barras Data de último acesso Data do preço efetivo Tipo de material Koha
    Classificação decimal de Dewey     Ficção Biblioteca Professor Eduardo Afonso de Castro Biblioteca Professor Eduardo Afonso de Castro Literatura Estrangeira 29.03.2001 doação   843 / B198m 2025-11604 20.01.2025 20.01.2025 Livros

Powered by Koha